| 000 | 00727nam a2200229 a 4500 | ||
|---|---|---|---|
| 005 | 20240215063835.0 | ||
| 008 | 030826s2000 mx r 000 0 spa d | ||
| 020 | _a9701006732 | ||
| 035 | _aUPN01000128200 | ||
| 049 | _aCG | ||
| 050 | 4 |
_aHF5438.4 _bA5.2 2000 |
|
| 100 | 1 | _aAnderson, Rolph E. | |
| 245 | 1 | 0 |
_aAdministración de ventas / _cRolph E. Anderson, Joseph F. Hair Jr., _aAlan J. Bush ; tr. María Guadalupe Cevallos Almada. |
| 250 | _a2a ed. | ||
| 260 |
_aMéxico : _bMcGraw-Hill, _c2000. |
||
| 300 |
_a688 p. : _bgráfs., cuadros |
||
| 650 | 4 |
_aVENTAS - _xADMINISTRACION _96553 |
|
| 650 | 4 |
_aAdministración _928 |
|
| 700 | 1 |
_aHair Jr., Joseph F., _ecoaut. |
|
| 700 | 1 |
_aBush, Alan J., _ecoaut. |
|
| 905 | _aLibro | ||
| 999 |
_c100379 _d100379 |
||